Warum Privatisierung? <Eine> Dogmengeschichte der Privatisierungstheorien

Na minha lista:
Detalhes bibliográficos
Autor principal: Siegmund, Uwe
Formato: Livro
Idioma:alemão
Publicado em: Kiel Institut für Weltwirtschaft 1997
Edição:1. Aufl.
Colecção:Kieler Arbeitspapier Nr. 785
Assuntos:
Tags: Adicionar Tag
Sem tags, seja o primeiro a adicionar uma tag!

MARC

LEADER 00000nam a2200000 4500
001 c018317
005 20221214072336.0
041 0 |a ger 
044 |a DE 
245 1 0 |a Warum Privatisierung?  |b <Eine> Dogmengeschichte der Privatisierungstheorien  |c Uwe Siegmund 
250 |a 1. Aufl. 
264 1 |a Kiel  |b Institut für Weltwirtschaft  |c 1997 
300 |a 72 s. 
490 1 |a Kieler Arbeitspapier  |v Nr. 785 
830 0 |a Kieler Arbeitspapier  |v Nr. 785 
610 2 0 |a privatizácia 
610 2 0 |a vlastníctvo súkromné 
610 2 0 |a dogmatizmus 
610 2 0 |a teórie ekonomické 
610 2 0 |a modely 
610 2 0 |a kapitalizmus 
610 2 0 |a rozpočet štátny 
610 2 0 |a právo 
100 1 |a Siegmund, Uwe